000 00556nam a22002057a 4500
003 OSt
005 20140310182928.0
008 130130t xxu||||| |||| 00| 0 eng d
020 _a9789710445417
050 _aPL5531
_b.Es77 2009
082 _aFIL 899.21108
_bE77 2009
245 _aLiteratura ng iba't ibang rehiyon ng Pilipinas
_cEspina, Leticia
260 _aManila :
_bMindshapers,
_c2009.
300 _a317 p. ;
_c26 cm.
521 _acollege students
526 _c1210L-1700L
541 _j1
562 _e1
942 _2lcc
_cBK
_kFIL
999 _c17469
_d17469